| 000 -LEADER |
| fixed length control field |
00800nam a22001337a 4500 |
| 040 ## - CATALOGING SOURCE |
| Transcribing agency |
RUA |
| 082 ## - DEWEY DECIMAL CLASSIFICATION NUMBER |
| Classification number |
FOR HEN 2015 B487 Or.1 |
| 100 ## - MAIN ENTRY--AUTHOR NAME |
| Personal name |
HENG SORIYA; |
| 245 ## - TITLE STATEMENT |
| Title |
Estimation above ground biomass through valuation of stand structure in presh vihear protected forest, choam khsan district, preah vihear province; ការប៉ានប្រមាណជីវម៉ាស់នៅលើផ្ទៃដីតាមរយៈការវាយតម្លៃសារព័ន្ធរុក្ខជាតិក្នុងតំបន់ព្រៃការពារព្រះវិហារ ស្រុកជាំក្សាន្ត ខេត្តព្រះវិហារ |
| 260 ## - PUBLICATION, DISTRIBUTION, ETC. (IMPRINT) |
| Place of publication |
Phnom Penh |
| Name of publisher |
RUA |
| Year of publication |
2015 |
| 300 ## - PHYSICAL DESCRIPTION |
| Number of Pages |
x;38p. |
| Other physical details |
ill. |
| Dimensions |
29cm. |
| 856 ## - ELECTRONIC LOCATION AND ACCESS |
| Uniform Resource Identifier |
HENG SORIYA |
| 942 ## - ADDED ENTRY ELEMENTS (KOHA) |
| Koha item type |
FOR |
| 952 ## - LOCATION AND ITEM INFORMATION (KOHA) |
| Withdrawn status [LOCAL, KOHA] |
0 |
| 952 ## - LOCATION AND ITEM INFORMATION (KOHA) |
| Withdrawn status [LOCAL, KOHA] |
0 |
| 952 ## - LOCATION AND ITEM INFORMATION (KOHA) |
| Withdrawn status [LOCAL, KOHA] |
0 |
| 952 ## - LOCATION AND ITEM INFORMATION (KOHA) |
| Withdrawn status [LOCAL, KOHA] |
0 |
| 952 ## - LOCATION AND ITEM INFORMATION (KOHA) |
| Withdrawn status [LOCAL, KOHA] |
0 |
| 952 ## - LOCATION AND ITEM INFORMATION (KOHA) |
| Withdrawn status [LOCAL, KOHA] |
0 |
| 952 ## - LOCATION AND ITEM INFORMATION (KOHA) |
| Withdrawn status [LOCAL, KOHA] |
0 |
| 952 ## - LOCATION AND ITEM INFORMATION (KOHA) |
| Withdrawn status [LOCAL, KOHA] |
0 |